Veľká kniha vlakov, áut a nákladných áut

Bibliographic Details
Main Author: Barsotti, Ilaria (Author)
Other Authors: Haraštová, Mária (prekladateľka) (Translator)
Format: Book
Language:Slovak
English
PhysicalDescription:32 strán farebné ilustrácie 32 cm 4 nečíslované listy samolepiek
Published: Bratislava Fragment 2020
ISBN:9788056615300
Edition:1. vydanie
Subjects:

MARC

LEADER 00000cam a2200000 4500
001 vtls011930089
003 SK-MaSNL
005 20260301053050.0
008 200422s2020 xo a a 000 0 slo
015 |a SNBA2020/08 
020 |a 9788056615300  |q (viazané) 
040 |a SNK  |b slo  |c SNK  |e rda 
041 1 |a slo  |h eng 
044 |a xo  |c SK 
072 7 |a 629  |x Dopravné prostriedky  |2 konspekt 
072 7 |a 0/9-053.2  |x Literatúra pre deti a mládež (náučná)  |2 konspekt 
080 |a 629  |2 2011 
080 |a (0.053.2)  |2 2011 
080 |a (084.11)  |2 2011 
080 |a (084.1.029.2)  |2 2011 
100 1 |a Barsotti, Ilaria  |4 aut  |9 201658 
240 1 0 |a My big book of trains, cars and trucks  |l Slovensky 
245 1 0 |a Veľká kniha vlakov, áut a nákladných áut  |c Ilaria Barsotti ; preklad Mária Haraštová 
250 |a 1. vydanie 
264 1 |a Bratislava  |b Fragment  |c 2020 
300 |a 32 strán  |b farebné ilustrácie  |c 32 cm  |e 4 nečíslované listy samolepiek 
336 |a text  |b txt  |2 rdacontent 
336 |a statický obraz  |b sti  |2 rdacontent 
337 |a bez média  |b n  |2 rdamedia 
338 |a zväzok  |b nc  |2 rdacarrier 
500 |a Preložené z angličtiny 
500 |a Listy so samolepkami všité na konci publikácie 
500 |a Vydalo vydavateľstvo Fragment v Bratislave v spoločnosti Albatros Media Slovakia, s.r.o. 
521 8 |a Pre čitateľov od 5 rokov 
650 0 7 |a dopravné prostriedky  |2 SNKPH  |9 66633 
650 0 7 |a Means of transportation  |2 SNKPHeng  |9 303201 
655 7 |a publikácie pre deti  |2 SNKPH  |9 70148 
655 7 |a samolepky  |2 SNKPH  |9 79151 
655 7 |a obrazové publikácie  |2 SNKPH  |9 70343 
655 7 |a Publications for children  |2 SNKPHeng  |9 276792 
655 7 |a Pictorial works  |2 SNKPHeng  |9 284468 
655 7 |a Stickers  |2 SNKPHeng  |9 303014 
700 1 |a Haraštová, Mária  |c (prekladateľka)  |4 trl  |9 125985 
710 2 |a Albatros Media Slovakia.  |b Fragment  |4 pbl  |9 193328 
919 |a 978-80-566-1530-0 
958 |a DB 
958 |a OP 
968 |b ENG 
999 |c 607372  |d 609302 
952 |a SNK  |b SNK  |y PREZ  |7 0  |p 17A1428835  |o snkSB 95690  |i snk2020/13029  |8 0  |0 0  |1 0  |4 0  |d 2020-07-21  |l 0  |r 2025-05-19 00:00:00  |w 2026-02-23 
952 |a SNK  |b SNK  |y VYP  |7 0  |p 17A1428836  |o snkSB 95690 D1  |i snk2020/13030  |8 0  |0 0  |1 0  |4 0  |d 2020-07-21  |l 0  |r 2026-02-23 16:13:05  |w 2026-02-23